[Event "Pontevedra Toxa op"]
[Site "Pontevedra"]
[Date "2016.09.25"]
[Round "2"]
[White "Bergman, Thomas"]
[Black "Alvarez Rodriguez, Francisco"]
[Result "1-0"]
[WhiteElo "1865"]
[BlackElo "1221"]
[PlyCount "41"]
[EventDate "2016.09.24"]
[EventType "swiss"]
[EventRounds "9"]
[EventCountry "ESP"]
[SourceTitle "CBM 174 Extra"]
[Source "ChessBase"]
[SourceDate "2016.10.10"]
[SourceVersion "1"]
[SourceVersionDate "2016.10.10"]
[SourceQuality "1"]

1. d4 d6 2. Nf3 g6 3. c4 Bg7 4. Nc3 Nf6 5. Bf4 0-0 6. e3 Nbd7 7. Bd3 c5 8. d5 Nh5 9. Bg5 f6 10. Bh4 f5 11. Qc2 Re8 12. 0-0 Ne5 13. Nxe5 Bxe5 14. f4 Bg7 15. e4 Bd4+ 16. Kh1 fxe4 17. Bxe4 Kg7 18. f5 Bf6 19. fxg6 Bxh4 20. Rf7+ Kh8 21. Rxh7+ 1-0

[Event "Espoo We MatSK A"]
[Site "Espoo"]
[Date "2016.02.28"]
[Round "5"]
[White "Auvinen, Esa"]
[Black "Bergman, Thomas"]
[Result "0-1"]
[WhiteElo "1947"]
[BlackElo "1847"]
[PlyCount "138"]
[EventDate "2016.02.26"]
[EventType "swiss"]
[EventRounds "5"]
[EventCountry "FIN"]
[SourceTitle "EXT 2022"]
[Source "ChessBase"]
[SourceDate "2021.10.06"]
[SourceVersion "1"]
[SourceVersionDate "2021.10.06"]
[SourceQuality "1"]

1. e4 d5 2. exd5 Qxd5 3. Nc3 Qd6 4. Nf3 Nf6 5. Bc4 Bf5 6. 0-0 c6 7. Re1 e6 8. d3 Bg4 9. Bg5 Nbd7 10. Ne4 Nxe4 11. Rxe4 Bh5 12. Qe2 Bxf3 13. Qxf3 Ne5 14. Qe2 Nxc4 15. Rxc4 Be7 16. Bf4 Qd5 17. Re1 Bf6 18. b3 0-0 19. a4 Rfe8 20. Be3 a6 21. Qg4 Rac8 22. Rc5 Qd7 23. Rh5 g6 24. Bh6 Bc3 25. Re3 f5 26. Qg3 e5 27. Rf3 e4 28. Rfxf5 Kh8 29. Rc5 exd3 30. h3 Bd4 31. Rhe5 Bxc5 32. Rxc5 Re6 33. Bd2 Qd6 34. Qg5 Qe7 35. Qg4 Rf8 36. Qd4+ Kg8 37. cxd3 Qd6 38. Qc3 Rd8 39. Bh6 Qd4 40. Qa5 Qxd3 41. Qc7 Qd1+ 42. Kh2 Qd6+ 43. Qxd6 Rdxd6 44. Rc3 Rd5 45. Be3 Red6 46. b4 Rd3 47. Rc4 R6d5 48. a5 Kf7 49. Re4 Rb3 50. g3 Rd1 51. Bc5 Rd5 52. Be3 Rb5 53. Bd2 Rb2 54. Be1 h5 55. Kg2 Rd5 56. Bc3 Rc2 57. Re3 Rf5 58. Be1 g5 59. Re4 Rf6 60. Rd4 Re6 61. Bd2 Re2 62. Bxg5 Rxf2+ 63. Kg1 Rg2+ 64. Kf1 Rxg3 65. h4 Rf3+ 66. Ke1 Rh3 67. Rf4+ Ke6 68. Rf1 Rb3 69. Bd2 Rb1+ 0-1